000 00574nam a22002057a 4500
003 UA-OsUOA
001 134664
007 ta
008 20181207b un ||||| |||| 00| 0 ukr d
090 _a81
_bT-76
942 _cMG
040 _aUA-OsUOA
_beng
_cUA-OsUOA
_dUA-OsUOA
245 _aThe Canadian Language review (Колекція Полковського В.)
955 _a1
041 _aeng
080 _a81
022 _a0008-4506
044 _aCA
650 7 _a8 Мовознавство. Художня література. Літературознавство
_2UDC
999 _c423596
_d423596